000
00306nam a22001337a 4500
008
171005b xxu||||| |||| 00| 0 eng d
020
_a
9780534358112
041
_a
eng
080
_2
6TH
_a
519.9
100
_a
49
101
_a
PSI
245
_a
RESEARCH METHODS IN PSYCHOLOGY
_c
ELMES,D.G
942
_2
udc
_c
BK
999
_c
31958
_d
31958